000 00569nam a22001817a 4500
005 20230920153351.0
010 _aENG-133066
020 _a9788181714145
_c2500.00
035 _aEN-116598
037 _bDBAD/PUB
082 _a591.770954
100 _aVenkataraman, K.
_957145
245 _aLesser known Marine Animals Of India/
_cBy K. Venkataraman [et.al...]
260 _aKolkata
_bZoological Survey of India
_c2015
270 _aM-Block, New Alipore
_bKolkata
_e700053
300 _a550p.
_c25cm(hbk)
_bIndex
942 _2ddc
_cEN
_mVEN
_h591.770954
999 _c188876
_d188876